| 000 -LEADER |
| fixed length control field |
00806nam a2200277 a 4500 |
| 006 - FIXED-LENGTH DATA ELEMENTS--ADDITIONAL MATERIAL CHARACTERISTICS--GENERAL INFORMATION |
| fixed length control field |
a||||gr|||| 001 0 |
| 007 - PHYSICAL DESCRIPTION FIXED FIELD--GENERAL INFORMATION |
| fixed length control field |
ta |
| 008 - FIXED-LENGTH DATA ELEMENTS--GENERAL INFORMATION |
| fixed length control field |
790111r19781983sz a gr i001 0 eng d |
| 020 ## - INTERNATIONAL STANDARD BOOK NUMBER |
| International Standard Book Number |
9221018377 |
| Terms of availability |
Fr 20.00 |
| 040 ## - CATALOGING SOURCE |
| Original cataloging agency |
IMU Kochi Library |
| Language of cataloging |
eng |
| 041 0# - LANGUAGE CODE |
| Language code of text/sound track or separate title |
eng |
| 044 ## - COUNTRY OF PUBLISHING/PRODUCING ENTITY CODE |
| MARC country code |
Switzerland |
| 082 00 - DEWEY DECIMAL CLASSIFICATION NUMBER |
| Edition number |
23 |
| Classification number |
341.75665 |
| Item number |
In856 |
| 110 2# - MAIN ENTRY--CORPORATE NAME |
| Corporate name or jurisdiction name as entry element |
International Labour Office (Geneva) |
| 245 10 - TITLE STATEMENT |
| Title |
Accident prevention on board ship at sea and in port / |
| 260 ## - PUBLICATION, DISTRIBUTION, ETC. (IMPRINT) |
| Place of publication, distribution, etc |
Geneva : |
| Name of publisher, distributor, etc |
The Office, |
| Date of publication, distribution, etc |
1978, reprinted 1983 |
| 300 ## - PHYSICAL DESCRIPTION |
| Extent |
xi, 188 p. : |
| Other physical details |
ill. ; |
| Dimensions |
18 cm. |
| 490 0# - SERIES STATEMENT |
| Series statement |
ILO codes of practice |
| 500 ## - GENERAL NOTE |
| General note |
Includes index. |
| 650 #0 - SUBJECT ADDED ENTRY--TOPICAL TERM |
| Topical term or geographic name as entry element |
Merchant mariners |
| General subdivision |
Legal status, laws, etc |
| 650 #0 - SUBJECT ADDED ENTRY--TOPICAL TERM |
| Topical term or geographic name as entry element |
Ships |
| General subdivision |
Safety regulations |
| 852 ## - LOCATION/CALL NUMBER |
| Location |
IMU Kochi Library |
| 904 ## - LOCAL DATA ELEMENT D, LDD (RLIN) |
| CATALOGER |
Rudra Ranjan |
| 905 ## - LOCAL DATA ELEMENT E, LDE (RLIN) |
| VERIFIER |
Rudra Ranjan |
| 942 ## - ADDED ENTRY ELEMENTS (KOHA) |
| Item type |
Gratis Books |